00747nam a2200241 a 4500001001300000003000900013005001700022008004100039020001000080082001600090100001600106245006700122260004800189300000900237500003500246505001400281650003300295700001600328902000800344942000700352952012900359999001700488nice12345678IN_TiNIC20260116014827.0050524s2004 dela grp 000 0 eng  ac20000a297.7bHUS3 aHusain, M G aMuslim Youth and Madrasa Education in Purnea District of Bihar aDelhibInstitute of Objective Studiesc2004 a161p aincludes index and biblioraphy2 aReference aIslam-Education and Training1 aHusain, M G bSRS cBK 001040708StackRoom-aHMIbHMId2007-07-12g200.00l4o297.7 HUS3p021066r2019-12-11s2019-12-03v200.00w2005-05-24yBK c17165d17165